Statistics for Държави - рекорди по континенти

Click here to take the quiz!

General Stats

  • This quiz has been taken 79 times
    (78 since last reset)
  • The average score is 19 of 28

Answer Stats

Country% Correct
Русия
98%
Австралия
98%
Бразилия
97%
Канада
95%
Ватикана
95%
Китай / Непал
92%
САЩ
89%
Алжир
82%
Великобритания
82%
Китай
80%
Мадагаскар
74%
Куба
72%
Боливия
71%
Индонезия
69%
Германия
68%
Аржентина
65%
Казахстан
63%
Беларус
62%
Чад
55%
Суринам
55%
Танзания
51%
Папуа Нова Гвинея
46%
ДР Конго
42%
Гватемала
40%
Науру
38%
Малдиви
37%
Сейшели
23%
Сейнт Китс и Невис
14%

Score Distribution

Percentile by Number Answered

Percent of People with Each Score

Your Score History

You have not taken this quiz since the last reset